000 00503cam a2200193 4500
001 6142
021 _b42603/90
090 _a6142
100 _a19910603d1990 m y0pory5003 ba
200 1 _aObras de Fernando Pessoa
210 9 _aLisboa
_cMultilar,
_d1990
215 _a10 v.
_cil.
_d21 cm
225 _aProsa
_vX
606 _915
_aLiteratura Portuguesa
675 _a821.134.3-82
_vPT
_zpor
700 1 _aPessoa,
_bFernando,
_f1888-1935
801 0 _aPT
_bBMVN
_gRPC
830 _cSilvia Neutel
_d18/03/2026
990 _cLIVROS